=LDR 00000nam 2200000 4500 =001 NUTBA000000000005852 =005 20141112082906.0 =006 =007 =008 =020 ##$$a 978-979-054-208-2 =035 ##$$a 0010-111400000000331 =040 ##$$a NBPDMAT =082 ##$$a 616.342 7 =090 ##$$a 616.342 7 $b Ana m =100 ##$$a Anandita F.P =245 ##$$a Mengenal bahaya penyakit diare / $c Anandita F.P =260 ##$$a Bogor : $b Quandra, $c 2010 =300 ##$$a viii, 56 hlm. : $b ilus. ; $c 24 cm. =500 ##$$a Bibliografi : hlm. 48, Indeks : hlm. 56 =650 ##$$a Diare =850 ##$$a NBPDMAT